000 01865nam1a2200349 4500
001 RU\NLR\BIBL_A\012875341
005 20240922015946.0
010 _a9785001013075
035 _a(NLR Aleph) 012875341
090 _a12502402
_c12502402
100 _a20220825d2022 u y0rusy50 ca
101 1 _arus
_ceng
102 _aRU
105 _a j
181 0 _ai
_baxxe
182 0 _an
200 1 _aОсновы биохимии Ленинджера
_e[учебник для студентов биологических, химических и медицинских вузов
_eперевод нового издания]
_eв трех томах
_fД. Нельсон, М. Кокс
_gперевод с английского: [канд. хим. наук Т. П. Мосолова]
_gпод редакцией доктора биологических наук, члена-корреспондента РАН Н. Б. Гусева
203 _aТекст
_bвизуальный
_cнепосредственный
205 _a5-е изд., перераб. и доп.
210 _aМосква
_cЛаборатория знаний
_d2022
215 _d27
225 1 _aЛучший зарубежный учебник
300 _aЗагл. и авт. ориг.: Lehninger principles of biochemistry / David L. Nelson, Michael M. Cox
454 0 _12001#$aLehninger principles of biochemistry$fDavid L. Nelson, Michael M. Cox
_1700#1$aNelson$bD. L.$gDavid L.
_1701#1$aCox$bM. M.$gMichael M.
_tLehninger principles of biochemistry
_aNelson, David L.
606 1 _aБиохимия
_jУчебники
_9904648
_3RU\NLR\AUTH\669511
686 1 _aЕ072я7-1
700 1 _aНельсон
_bД. Л.
_gДэвид Л.
701 1 _aКокс
_bМ. М.
_gМайкл М.
852 _aNLR
_b2022-7/6236
942 _cBOOK